000
00239nam a2200097Ia 4500
005
20250424112822.0
008
250424s9999 xx 000 0 und d
300
_a
55 p. : ill. ; 29 cm.
650
_a
Biochemistry--Periodicals.
942
_c
SR
999
_c
37314
_d
37314